| 000 | 01367cam a2200349 a 4500 | ||
|---|---|---|---|
| 001 | 15240883 | ||
| 005 | 20080702153841.0 | ||
| 008 | 080331s2008 inua 001 0 eng | ||
| 010 | _a 2008014770 | ||
| 015 |
_aGBA870911 _2bnb |
||
| 016 | 7 |
_a014626979 _2Uk |
|
| 020 | _a0672329972 | ||
| 020 | _a9780672329975 | ||
| 035 | _a(OCoLC)ocn212858036 | ||
| 035 | _a(OCoLC)212858036 | ||
| 040 |
_aDLC _cDLC _dBTCTA _dBAKER _dYDXCP _dUKM _dC#P _dDLC |
||
| 050 | 0 | 0 |
_aTK5105.8885.A26 _bM587 2008 |
| 082 | 0 | 0 |
_a005.276 _222 _bMIT |
| 100 | 1 |
_aMitchell, Scott. _94492 |
|
| 245 | 1 | 0 |
_aSams teach yourself ASP.NET 3.5 in 24 hours : _bcomplete starter kit / _cScott Mitchell. |
| 246 | 3 | 0 | _aASP.NET 3.5 complete starter kit |
| 260 |
_aIndianapolis, Ind. : _bSams, _cc2008. |
||
| 300 |
_axii, 628 p. : _bill. ; _c23 cm. + _e1 DVD-ROM (4 3/4 in.). |
||
| 440 | 0 |
_aSams teach yourself _94493 |
|
| 500 | _aIncludes index. | ||
| 630 | 0 | 0 |
_aActive server pages. _94494 |
| 650 | 0 |
_aWeb sites _xDesign. _94495 |
|
| 650 | 0 |
_aMicrosoft .NET. _94496 |
|
| 942 |
_2ddc _cBB |
||
| 999 |
_c11470 _d11470 |
||